000 00500nam a2200181Ia 4500
008 230917s9999||||xx |||||||||||||| ||und||
020 _cRS425
040 _e256511
_aMAIN
041 _aEnglish
082 _a300.72 B469M(24)
100 _aBhandarkar, P L
245 0 _aMethodology and techniques of social research
250 _a24th ed.
260 _aMumbai
_bHimalaya Publishing House
_c2017
300 _a437 p.
500 _a3521 19/07/2019 RBP19/76126 23/07/2019 Main Budget
942 _cBK
999 _c31812
_d31812